000 01251cam a22001934a 4500
005 20250605164338.0
008 250528s ||||||||||||||||||||||||d
035 _a23510
040 _aGR-AtMCL
_bgre
_dGR-AtMCL
_eAACR2
245 1 _aPrepare an Integrated Business Plan of an Individual Who Seeks a Loan from a Bank to Finance the Creation of a Shipping Company
260 _c2014
300 _a47
520 _aIntroduction, Dry - Cargo Trades, Demand - Supply on Dry Bulk, Emerging Trends Affecting International Shipping, Worldwide Shipbuilding Cycle, Freight Rates, Business Plan, Market, Segmentation, Place, Competition, The Company, Business Organization, Business License and Management, Shipbrokers, Vessel's Characteristics, Objectives Visions and Values for the Company, Social Responsibility, SWOT Analysis, Financial Plan, the Resume of the Project, Financial Analysis of the Project, Income Statement and Balance Sheet, Free Operating Cash Flow, Net Cash Flow, Financial Evaluation of the Project, Net Present Value (NPV), Payback Period, Internal Rate of Return (IRR), Conclusions, References.
700 1 _aPapoulakos Dimitrios
_99082
700 1 _aVardalos Michael
_99083
942 _cDS
999 _c8515
_d8515